000 01147nam0a22002771 4500
001 rc\4375733
005 20250612063845.0
021 _aRU
_b[67-39010ж]
035 _a(NLR Aleph) 008544290
090 _a8366583
_c8366583
100 _a20130416d1967 |||y0rusy50 ca
101 0 _arus
102 _aRU
105 _aab z |||||
200 1 _aВопросы охотничьего хозяйства и зоологии
_e[Сборник статей
_fГлав. ред. А.Н. Угаров
210 _aИркутск]
_cВост.-Сиб. кн. изд-во
_d1967
215 _a251 с., 6 л. черт., карт.
_cил.
_d20
225 1 _aМинистерство сел. хоз-ва СССР. Известия Иркутского сельскохозяйственного института
_vВып. 25
_v[Т. 5]
320 _aБиблиогр. в конце статей
606 _aОхотничье хозяйство
_yСибирь
_2psbo
702 1 _aУгаров
_bА.Н.
_gАлексей Николаевич
_4340
801 0 _aRU
_bNLR
_gpsbo
801 1 _aRU
_bELAR
_2rusmarc
852 _aNLR
_jП13/310
942 _cBOOK
980 _aNB